000 00911cam a22002531 4500
082 0 0 _a530.12
_bPAU
_cL-5, P-53
100 1 _aPauling, Linus,
_939770
245 0 0 _aIntroduction to quantum mechanics,
_bwith applications to chemistry,
_cby Linus Pauling and E. Bright Wilson, jr.
250 _a1st ed.
260 _aNew York,
_aLondon,
_bMcGraw-Hill book company,
_c1935.
300 _axiii, 468 p.
_bdiagrs.
_c24 cm.
526 _a0
_b0
_c0
_d530_120000000000000_PAU
526 _a0
_b0
_c0
_d530_120000000000000_PAU
526 _a0
_b0
_c0
_d530_120000000000000_PAU
526 _a0
_b0
_c0
_d530_120000000000000_PAU
526 _a0
_b0
_c0
_d530_120000000000000_PAU
526 _a0
_b0
_c0
_d530_120000000000000_PAU
526 _a0
_b0
_c0
_d530_120000000000000_PAU
650 0 _aMCE
_9379
650 0 _aQuantum theory.
_9177
650 0 _aWave mechanics.
_939771
700 1 _aWilson, E. Bright
_939772
942 _2ddc
_cBK
999 _c544206
_d544206